Valuation of Assets and Liabilities in the Framework of Slovak Accounting Legislation
Saved in:
| Main Author: | |
|---|---|
| Other Authors: | |
| Format: | Book Chapter |
| Language: | English |
| Subjects: | |
| Tags: |
No Tags, Be the first to tag this record!
|
MARC
| LEADER | 00000naa$a2200000$$$4500 | ||
|---|---|---|---|
| 001 | 0067853 | ||
| 005 | 20240502083202.1 | ||
| 041 | 0 | |a eng | |
| 044 | |a PL | ||
| 245 | 1 | 0 | |a Valuation of Assets and Liabilities in the Framework of Slovak Accounting Legislation |c Zuzana Juhászová, Miloš Tumpach |
| 610 | 2 | 0 | |a účtovníctvo |
| 610 | 2 | 0 | |a zákony |
| 610 | 2 | 0 | |a Slovensko |
| 610 | 2 | 0 | |a oceňovanie |
| 100 | 1 | |a Juhászová, Zuzana, 1970- | |
| 700 | 1 | |a Tumpach, Miloš, 1970- | |